Responses for Show #6638 - Wednesday, June 26, 2013

Contestants

[<< previous game]

Maggie Millikan, a homemaker from Midlothian, Virginia

Gabe Gales, a research analyst from Cincinnati, Ohio

Padraic Scanlan, a Ph.D. student in history originally from Montreal, Quebec, Canada (whose 1-day cash winnings total $11,400)

[next game >>]

Jeopardy! Round responses

ANAGRAMMED VIRGINIA PLACES
RED ALERT
ON THE TUBE
MIDDLE "W"
(Alex: The letter W will come up in the middle of each correct response.)
STUPID ANSWERS
YOU MUST BE PRESIDENT TO WIN
    $200 2
Williamsburg

Gabe
    $200 30
red tape

Gabe
    $200 29
Raymond

Gabe
    $200 22
(Padraic: What is I [*], I [*]?)

owe

Padraic
    $200 28
1776

Padraic
    $200 27
Theodore Roosevelt

Maggie
    $400 6
Fairfax

Padraic
    $400 7
(Maggie: What is May?)

June

PadraicMaggie
    $400 26
The X-Files

Padraic
    $400 1
meanwhile

Maggie
    $400 15
a light-year

Gabe
    $400 25
Truman

Maggie
    $600 16
Alexandria

Maggie
    $600 8
[Laughter]

a red fox

Gabe
    $600 18
Parenthood

Triple Stumper
    $600 3
wayward

Gabe
    $600 9
Vinci

Gabe
    $1,400 20
Ronald Reagan

Padraic
    $800 11
Arlington

Maggie
    $800 21
the Geneva Convention

Gabe
    $800 14
Big Brother

Gabe
    $800 4
a brewery

Gabe
    $800 10
Kenya

Maggie
    $800 19
John F. Kennedy

Padraic
    $1000 12
Roanoke

Gabe
    $1000 24
Erik the Red

Maggie
    $1000 17
Ally McBeal

Maggie
    $1000 5
(Gabe: What is tawdry?)

bawdy

GabeMaggie
    $1000 13
the British Museum

Maggie
    $1000 23
(Woodrow) Wilson

Maggie

Scores at the first commercial break (after clue 15):

Padraic Gabe Maggie
$800 $4,000 $3,600

Scores at the end of the Jeopardy! Round:

Padraic Gabe Maggie
$3,800 $5,200 $7,800

Double Jeopardy! Round responses

THE 4th CENTURY
(Alex: That was a great century.)
HEALTH CARE
STATUES
WORLD LITERATURE
SLANGUAGE
THE MUSICALS OF RODGERS & HAMMERSTEIN
    $400 24
the Olympics

Maggie
    $400 27
[The end-of-round signal sounds.]

St. Louis

Gabe
    $400 23
(Alex: That's it, with a minute to go.)

Crime and Punishment

Padraic
    $800 22
St. Peter's

Padraic
    $800 25
Medicaid

Maggie
    $3,000 26
Amsterdam

Maggie
    $800 4
Hans Christian Andersen

Maggie
    $800 16
costume

Gabe
    $800 17
South Pacific

Padraic
    $1200 13
the Library of Alexandria

Padraic
    $1200 20
the doughnut hole

Maggie
    $1200 21
Michelangelo

Padraic
    $3,000 1
The Prince

Padraic
    $1200 9
a professional athlete (or sports star)

Gabe
    $1200 5
(Padraic: What is Porgy and Bess?)

The King and I

Padraic
Triple Stumper
    $1600 11
(Maggie: Who is Alexander the Great?)

Constantine

PadraicMaggie
    $1600 14
a nurse

Gabe
    $1600 15
Frederick Douglass

Gabe
    $1600 2
Isabel Allende

Padraic
    $1600 8
chump

Gabe
    $1600 6
Cinderella

Gabe
    $2000 12
(Gabe: Who are the Mongols?)

the Huns

GabeMaggie
    $2000 18
(Maggie: What is mental?... What is mental?)
[Maggie's response was initially ruled incorrect but was accepted after Clue 19 because the word "health" was in the clue; she was then given control of the board.]

mental health

GabeMaggie
    $2000 10
Ganesha (Ganesh accepted)

Padraic
    $2000 3
The Turn of the Screw

Maggie
    $2000 7
cruise weight

Triple Stumper
    $2000 19
Flower Drum Song

Triple Stumper

Scores at the end of the Double Jeopardy! Round:

Padraic Gabe Maggie
$15,200 $14,000 $18,400

[wagering suggestions for these scores]

Final Jeopardy! Round responses

MOVIES & THE BIBLE
GabeWhat is Pulp Fiction?
$13,950
PadraicWhat is "Seven"?
$10,000
MaggieWhat is
$12,001
Pulp Fiction

Final scores:

Padraic Gabe Maggie
$5,200 $27,950 $6,399
3rd place: $1,000 New champion: $27,950 2nd place: $2,000

Game dynamics:

Coryat scores:

Padraic Gabe Maggie
$12,600 $14,000 $16,200
16 R
(including 2 DDs),
1 W
19 R,
2 W
19 R
(including 1 DD),
2 W

Combined Coryat: $42,800

[game clues] [game scores] [suggest correction]

Game tape date: 2013-02-13
The J! Archive is created by fans, for fans. Scraping, republication, monetization, and malicious use prohibited; this site may use cookies and collect identifying information. See terms. The Jeopardy! game show and all elements thereof, including but not limited to copyright and trademark thereto, are the property of Jeopardy Productions, Inc. and are protected under law. This website is not affiliated with, sponsored by, or operated by Jeopardy Productions, Inc. Join the discussion at JBoard.tv.